| 000 | 00768nas a2200253 4500 | ||
|---|---|---|---|
| 001 | BR9101770 | ||
| 003 | BR-BrBNA | ||
| 005 | 20231205092006.0 | ||
| 007 | ta | ||
| 008 | 230509b bl.|||p| |||| 00| 00por d | ||
| 040 |
_aBR-BrBNA _bpor _cBiblioteca Nacional de Agricultura |
||
| 041 | _a(Pt) | ||
| 072 | _aF08 | ||
| 100 | 1 | _aSchreiner, H.G. | |
| 245 | 1 | _aCulturas intercaladas de soja em reflorestamento de eucaliptos no sul-sudeste do Brasil | |
| 650 | _aSOJA | ||
| 650 | _aEUCALIPTO | ||
| 650 | _aAGROSSILVICULTURA | ||
| 650 | _aREGIAO SUL | ||
| 650 | _aREGIAO SUDESTE | ||
| 773 | 0 |
_tBoletim de Pesquisa Florestal (Brazil) _xISSN 0101-1057 _g(Jun-Dec 1989), no. 18-19 p.1-10 _wBR9101770 |
|
| 909 |
_a202311 _bLúcia _c55 _dLúcia Elande |
||
| 942 |
_2AGRIS _n0 _cANA |
||
| 999 |
_c128572 _d128572 |
||